|
|
|
|
| LEADER |
00000cam a2200000 a 4500 |
| 001 |
vtls001098333 |
| 003 |
SK-MaSNL |
| 005 |
20260425221829.0 |
| 008 |
240226s1982 xo o frn 000 0 slo |
| 015 |
|
|
|a SNBA1982/06
|
| 020 |
|
|
|q (viazané)
|
| 035 |
|
|
|a SNK000041175
|
| 035 |
|
|
|a A5BED201-FB28-4D14-B1D0-3AD977A7D30C
|
| 035 |
|
|
|a urn:nbn:sk:snk-am00if3o
|
| 040 |
|
|
|a SNK
|b slo
|c SNK
|e AACR2
|
| 041 |
0 |
|
|a slo
|b eng
|b ger
|b rus
|
| 043 |
|
|
|a e-xo---
|
| 044 |
|
|
|a xo
|c SK
|
| 072 |
|
7 |
|a 7.01/.09
|x Umenie
|2 konspekt
|
| 080 |
|
|
|a 73.031"638"(084.12)
|2 1981
|
| 080 |
|
|
|a 7.031.1
|2 2011
|
| 080 |
|
|
|a 903"638"
|2 2011
|
| 080 |
|
|
|a (437.6)
|2 2011
|
| 080 |
|
|
|a (048.8)
|2 2011
|
| 080 |
|
|
|a 902:904
|2 2011
|
| 080 |
|
|
|a (084.11)
|2 2011
|
| 100 |
1 |
|
|a Pieta, Karol,
|d 1941-
|4 aut
|9 89452
|
| 245 |
1 |
0 |
|a Umenie doby železnej
|c Karol Pieta ; [fotografie Jozef Krátky]
|
| 250 |
|
|
|a 1. vyd.
|
| 260 |
|
|
|a Bratislava
|b Tatran
|c 1982
|e Martin
|f Tlačiarne SNP
|
| 300 |
|
|
|a 102 strán
|b fotografie (niektoré farebné)
|c 23 cm
|
| 366 |
|
|
|e 3000 výtl.
|
| 490 |
1 |
|
|a Dávnoveké umenie Slovenska
|v zv. 15
|
| 500 |
|
|
|a Vydané v spolupráci s Archeologických ústavom Slovenskej akadémie vied
|
| 504 |
|
|
|a Bibliografia na strane 75
|
| 546 |
|
|
|a Anglické, nemecké a ruské resumé
|
| 650 |
0 |
7 |
|a praveké umenie
|2 SNKPH
|9 2865
|
| 650 |
0 |
7 |
|a doba železná
|2 SNKPH
|9 104575
|
| 650 |
0 |
7 |
|a archeologické nálezy
|2 SNKPH
|9 4975
|
| 651 |
|
7 |
|a Slovensko
|2 SNKPHgeo
|9 14231
|
| 655 |
|
7 |
|a obrazové publikácie
|2 SNKPH
|9 70343
|
| 655 |
|
7 |
|a monografie
|2 SNKPH
|9 70139
|
| 700 |
1 |
|
|a Krátky, Jozef
|4 pht
|9 9733
|
| 710 |
2 |
|
|a Slovenská akadémia vied.
|b Archeologický ústav
|4 pbl
|9 193574
|
| 830 |
|
0 |
|a Dávnoveké umenie Slovenska
|9 279209
|
| 852 |
|
|
|a Slovenská národná knižnica
|
| 954 |
|
|
|a odborná, vedecká literatúra pôvodná (slovenská)
|2 lita
|
| 958 |
|
|
|a OND
|
| 958 |
|
|
|a NB
|
| 958 |
|
|
|a TL
|
| 958 |
|
|
|a EUIPO
|
| 999 |
|
|
|c 534413
|d 536343
|
| 952 |
|
|
|a SNK
|b SNK
|y VYP
|7 0
|p 17A0094530
|o snkSC 55669 D1
|i snkKSP 4752/82
|0 0
|1 0
|4 0
|d 1997-09-22
|l 0
|r 2004-12-31 00:00:00
|w 2026-02-23
|
| 952 |
|
|
|a SNK
|b SNK
|y PREZ
|7 0
|p 17A0864778
|o snkSC 55669
|i snkKSP 4751/82
|0 0
|1 0
|4 0
|d 2012-08-06
|f 1
|l 0
|r 2025-05-23 00:00:00
|w 2026-02-23
|